000
00278nam a22001097a 4500
082
_a
669.14 WAR'I
100
_a
WARD, R. L
_9
79718
245
_a
AN INTRODUCTION TO THE PHYSICAL CHEMISTRY OF IRON AND STEEL MAKING
260
_a
LONDON
_b
ELBS
_c
1962
300
_a
238P
942
_c
BK
999
_c
584720
_d
584720